| 000 | 00000nam 2200000za 4500 |
| 001 | 9.816831 |
| 003 | CaOODSP |
| 005 | 20221107142334 |
| 007 | cr ||||||||||| |
| 008 | 160504s2016 oncd ob f000 0 eng d |
| 040 | |aCaOODSP|beng |
| 043 | |an-cn--- |
| 086 | 1 |aFs70-7/2016-008E-PDF |
| 245 | 00|aUpdate of indicators of the status of the Gulf of St. Lawrence (4RST) Atlantic halibut stock in 2015 |h[electronic resource]. |
| 246 | 37|aScience response : update on Atlantic halibut in the Gulf of St. Lawrence (4RST) |
| 260 | |a[Ottawa] : |bFisheries and Oceans Canada, |cc2016. |
| 300 | |a5 p. : |bill. |
| 490 | 1 |aCanadian Science Advisory Secretariat - science response, |x1919-3769 ; |v2016/008, Quebec Region |
| 500 | |aIssued also in French under title: Mise à jour des indicateurs de l’état du stock de flétan atlantique du golfe du Saint-Laurent (4RST) en 2015. |
| 500 | |a"April 2016." |
| 504 | |aIncludes bibliographical references (p. 4). |
| 692 | 07|2gccst|aFisheries resources |
| 692 | 07|2gccst|aSalt water fish |
| 692 | 07|2gccst|aFishing area |
| 692 | 07|2gccst|aFisheries management |
| 710 | 1 |aCanada. |bDepartment of Fisheries and Oceans. |
| 710 | 2 |aCanadian Science Advisory Secretariat. |
| 775 | 08|tMise à jour des indicateurs de l'état du stock de flétan atlantique du golfe du Saint-Laurent (4RST) en 2015 |w(CaOODSP)9.816833 |
| 830 | #0|aScience response (Canadian Science Advisory Secretariat)|x1919-3769 ; |v2016/008, Quebec Region|w(CaOODSP)9.506232 |
| 856 | 40|qPDF|s87 KB|uhttps://publications.gc.ca/collections/collection_2016/mpo-dfo/Fs70-7-2016-008-eng.pdf |